Ο ήρωας και η ηρωίδα σε μυθιστορήματα με θέμα τη σύγχρονη πολιτισμική κρίση : διπλωματική εργασία [μεταπτυχιακή εργασία]
Αποθηκεύτηκε σε:
| Κύριος συγγραφέας: | |
|---|---|
| Συγγραφή απο Οργανισμό/Αρχή: | |
| Μορφή: | Thesis Βιβλίο |
| Γλώσσα: | Greek |
| Δημοσίευση: |
2016.
|
| Θέματα: | |
| Διαθέσιμο Online: | http://hdl.handle.net/11610/22200 |
| Ετικέτες: |
Προσθήκη ετικέτας
Δεν υπάρχουν, Καταχωρήστε ετικέτα πρώτοι!
|
MARC
| LEADER | 00000cam a2200000 a 4500 | ||
|---|---|---|---|
| 001 | 1/113503 | ||
| 008 | 170327s2016####gr | ||| |||| ||gre|| | ||
| 040 | |a GR-MyUa |b gre |c GR-MyUa |e AACR2 | ||
| 041 | 0 | |a gre | |
| 082 | 7 | |a 808.899 |2 (23) | |
| 100 | 1 | |a Τζωρζής, Δημήτριος. | |
| 245 | 1 | 2 | |a Ο ήρωας και η ηρωίδα σε μυθιστορήματα με θέμα τη σύγχρονη πολιτισμική κρίση : |b διπλωματική εργασία [μεταπτυχιακή εργασία] / |c Τζωρζής Δημήτριος ; επιβλέπων καθηγητής: Παπαδάτος Ιωάννης. |
| 260 | |c 2016. | ||
| 300 | |a 178 σ. ; |c 30 εκ. | ||
| 500 | |a Μέλη εξεταστικής επιτροπής: Αναγνωστοπούλου Διαμάντω, Κοντάκος Αναστάσιος. | ||
| 502 | |a Διατριβή (μεταπτυχιακή) – Πανεπιστήμιο Αιγαίου, Ρόδος, 2016. | ||
| 504 | |a Βιβλιογραφία: σ. 165-170. | ||
| 506 | 1 | |a Πλήρες κείμενο - Ενδοπανεπιστημιακή δημοσίευση - Κλειδωμένη η δυνατότητα αντιγραφής. | |
| 650 | 0 | |a Young adult literature |x History and criticism. | |
| 650 | 0 | |a Teenagers |x Books and reading. | |
| 650 | 0 | |a Social problems in literature. | |
| 700 | 1 | |a Παπαδάτος, Γιάννης Σ. |e dgs | |
| 710 | 1 | |a Πανεπιστήμιο Αιγαίου |b Σχολή Ανθρωπιστικών Επιστημών |b Τμήμα Επιστημών της Προσχολικής Αγωγής και του Εκπαιδευτικού Σχεδιασμού |b Μεταπτυχιακό Πρόγραμμα Σπουδών Παιδικό Βιβλίο και Παιδαγωγικό Υλικό. | |
| 852 | |a INST |b RHODES |c DIATR |e 20170327 |h 808.899 ΤΖΩ |p 005400039229 |q 005400039229 |t MTXE |y 23 | ||
| 856 | |u http://hdl.handle.net/11610/22200 | ||
| 924 | |a Τζωρζής |b Δημήτριος |y Ρόδος |z 2016-11 | ||
| 970 | |z 27-03-2017 | ||